000 00450nam a2200133Ia 4500
008 151001s9999||||xx |||||||||||||| ||und||
100 _aमहावीरप्रसाद द्विवेदी
245 _aविचित्र जीव जन्तु और वनस्पतीयॉ
250 _a1
260 _bसाक्षरता पुस्तक केंद
260 _c२०१४
300 _a127
365 _b21
999 _c1001688
_d1001685